000 00896nam a2200265 i 4500
001 66654
003 ES-MaACL
005 20230906165746.0
007 t|
008 030609s2003 sp |||| | spa d
020 _a84-95484-37-4
080 _a323.2(100)(091)
100 1 _aGuillem Mesado, Juan Manuel.
_960743
245 1 4 _aLos movimientos sociales
_b: (en las sociedades campesinas e industriales) /
_cJuan Manuel Guillem Mesado.
260 _aValencia :
_bCentro Francisco Tomás y Valiente, UNED Alzira-Valencia,
_c[2003]
300 _a245 p. ;
_c19 cm.
490 1 _aColección interciencias ;
_v19
500 _aÍndice.
504 _aBibliografía.
650 1 4 _aMovimientos sociales-
_vHistoria.
_915230
710 2 _aCentro Francisco Tomás y Valiente.
_92739
830 0 _aColección interciencias ;
_v19
_9230824
852 _aES-MaACL
_jL-27174
999 _c66654
_d66654